World-class warehousing and material handling / (Record no. 57092)

MARC details
000 -LEADER
fixed length control field 00513nam a22001577a 4500
008 - FIXED-LENGTH DATA ELEMENTS--GENERAL INFORMATION
fixed length control field 211026b ||||| |||| 00| 0 eng d
020 ## - INTERNATIONAL STANDARD BOOK NUMBER
International Standard Book Number 9780071842822
050 ## - LIBRARY OF CONGRESS CALL NUMBER
Classification number HF5485
Item number .F69 2016
100 ## - MAIN ENTRY--PERSONAL NAME
Personal name Frazelle, Edward.
245 ## - TITLE STATEMENT
Title World-class warehousing and material handling /
Statement of responsibility, etc Edward H. Frazelle, PHD.
260 ## - PUBLICATION, DISTRIBUTION, ETC. (IMPRINT)
Place of publication, distribution, etc New York :
Name of publisher, distributor, etc McGraw-Hill Education,
Date of publication, distribution, etc [2016]
300 ## - PHYSICAL DESCRIPTION
Extent 362 pages :
Other physical details illustrations ;
Dimensions 24 cm
500 ## - GENERAL NOTE
General note Includes index.
650 ## - SUBJECT ADDED ENTRY--TOPICAL TERM
Topical term or geographic name as entry element Warehouses
General subdivision Management.
942 ## - ADDED ENTRY ELEMENTS (KOHA)
Source of classification or shelving scheme Library of Congress Classification
Item type Book
Holdings
Withdrawn status Lost status Source of classification or shelving scheme Damaged status Not for loan Collection code Home library Current library Shelving location Date acquired Source of acquisition Cost, normal purchase price Full call number Barcode Copy number Price effective from Koha item type
    Library of Congress Classification     Non-fiction Bishop Okullu Memorial Library (Limuru Campus) Bishop Okullu Memorial Library (Limuru Campus) General Circulation 26/10/2021 Donation-TBN 4569.00 HF5485 .F69 2016 067333 1 26/10/2021 Book